000
00186 a2200097 4500
020
_a
9781512453706
041
_a
spa
100
_a
Harold T.Rober
245
_a
El Pterodactilo
942
_c
K
999
_c
27528
_d
27528